[Event "Blitz 2018"]
[Site "Saint-Petersburg"]
[Date "2018.12.29"]
[Round "6"]
[Board "24"]
[White "Yudin Sergei (RUS)"]
[Black "Van Foreest Jorden (NED)"]
[Result "1-0"]
[LiveChessVersion "1.4.8"]
[BlackElo "2657"]
[WhiteElo "2533"]

1. e4 {[%clk 0:03:02]} e5 {[%clk 0:03:03]} 2. Nf3 {[%clk 0:03:03]} Nc6
{[%clk 0:03:04]} 3. Bc4 {[%clk 0:03:03]} Bc5 {[%clk 0:03:04]} 4. d3
{[%clk 0:03:04]} Nf6 {[%clk 0:03:05]} 5. O-O {[%clk 0:03:04]} h6 {[%clk 0:03:01]}
6. c3 {[%clk 0:03:02]} d6 {[%clk 0:03:02]} 7. h3 {[%clk 0:02:58]} a6
{[%clk 0:03:02]} 8. Bb3 {[%clk 0:02:59]} Ba7 {[%clk 0:03:01]} 9. Be3
{[%clk 0:03:00]} O-O {[%clk 0:02:59]} 10. Nbd2 {[%clk 0:02:59]} Ne7
{[%clk 0:02:52]} 11. d4 {[%clk 0:02:51]} Ng6 {[%clk 0:02:49]} 12. Re1
{[%clk 0:02:49]} Re8 {[%clk 0:02:47]} 13. Bc2 {[%clk 0:02:35]} Bd7
{[%clk 0:02:47]} 14. Nf1 {[%clk 0:02:35]} Bc6 {[%clk 0:02:37]} 15. Ng3
{[%clk 0:02:35]} exd4 {[%clk 0:02:00]} 16. Bxd4 {[%clk 0:02:30]} Ne5
{[%clk 0:02:00]} 17. Bxa7 {[%clk 0:02:24]} Rxa7 {[%clk 0:02:00]} 18. Nd4
{[%clk 0:02:24]} Bd7 {[%clk 0:01:55]} 19. f4 {[%clk 0:02:18]} Ng6
{[%clk 0:01:56]} 20. Qf3 {[%clk 0:02:11]} Nh4 {[%clk 0:01:47]} 21. Qf2
{[%clk 0:02:10]} c5 {[%clk 0:01:47]} 22. e5 {[%clk 0:01:56]} cxd4
{[%clk 0:01:24]} 23. exf6 {[%clk 0:01:44]} Rxe1+ {[%clk 0:01:09]} 24. Rxe1
{[%clk 0:01:44]} Ra8 {[%clk 0:00:56]} 25. Nh5 {[%clk 0:01:16]} Nf5
{[%clk 0:00:44]} 26. Bxf5 {[%clk 0:01:16]} Bxf5 {[%clk 0:00:46]} 27. Qxd4
{[%clk 0:01:16]} g6 {[%clk 0:00:32]} 28. Ng7 {[%clk 0:01:14]} Qa5
{[%clk 0:00:33]} 29. b4 {[%clk 0:01:01]} Qxa2 {[%clk 0:00:24]} 30. Nxf5
{[%clk 0:01:02]} gxf5 {[%clk 0:00:26]} 31. Qd3 {[%clk 0:01:03]} Kh8
{[%clk 0:00:27]} 32. Qg3 {[%clk 0:00:58]} 1-0

[Event "Blitz 2018"]
[Site "Saint-Petersburg"]
[Date "2018.12.29"]
[Round "6"]
[Board "26"]
[White "Ghaem Maghami Ehsan (IRI)"]
[Black "Sjugirov Sanan (RUS)"]
[Result "1-0"]
[LiveChessVersion "1.4.8"]
[BlackElo "2748"]
[WhiteElo "2582"]

1. c4 {[%clk 0:03:03]} c5 {[%clk 0:03:01]} 2. Nf3 {[%clk 0:03:04]} Nc6
{[%clk 0:03:03]} 3. Nc3 {[%clk 0:03:04]} e5 {[%clk 0:03:04]} 4. e3
{[%clk 0:03:03]} Nf6 {[%clk 0:03:05]} 5. d4 {[%clk 0:03:04]} e4 {[%clk 0:03:05]}
6. Ne5 {[%clk 0:03:05]} g6 {[%clk 0:03:03]} 7. g4 {[%clk 0:02:55]} h6 8. Bg2
{[%clk 0:02:50]} Bg7 {[%clk 0:03:00]} 9. h4 {[%clk 0:02:47]} cxd4
{[%clk 0:01:29]} 10. exd4 {[%clk 0:02:47]} d6 {[%clk 0:01:23]} 11. Nxc6
{[%clk 0:02:43]} bxc6 {[%clk 0:01:24]} 12. g5 {[%clk 0:02:36]} hxg5
{[%clk 0:01:24]} 13. hxg5 {[%clk 0:02:36]} Rxh1+ {[%clk 0:01:26]} 14. Bxh1
{[%clk 0:02:37]} Nh5 {[%clk 0:01:22]} 15. Bxe4 {[%clk 0:02:14]} Bd7
{[%clk 0:01:18]} 16. Be3 {[%clk 0:02:08]} Rb8 {[%clk 0:01:12]} 17. Qd2
{[%clk 0:01:52]} Kf8 {[%clk 0:01:10]} 18. b3 {[%clk 0:01:08]} Kg8
{[%clk 0:01:05]} 19. Kf1 {[%clk 0:00:50]} Qc8 {[%clk 0:01:02]} 20. Kg1
{[%clk 0:00:30]} Bh8 {[%clk 0:00:47]} 21. Qe2 {[%clk 0:00:26]} Ng7
{[%clk 0:00:48]} 22. Bf4 {[%clk 0:00:21]} Ne6 {[%clk 0:00:46]} 23. Bxd6
{[%clk 0:00:18]} Nxd4 {[%clk 0:00:46]} 24. Qe3 {[%clk 0:00:17]} Ra8
{[%clk 0:00:44]} 25. Rd1 {[%clk 0:00:17]} Nf5 {[%clk 0:00:40]} 26. Bxf5
{[%clk 0:00:16]} Bxf5 {[%clk 0:00:42]} 27. Be5 {[%clk 0:00:16]} Bc2
{[%clk 0:00:18]} 28. Rd4 {[%clk 0:00:16]} Bxe5 {[%clk 0:00:20]} 29. Qxe5
{[%clk 0:00:16]} Qh3 {[%clk 0:00:21]} 30. Qg3 {[%clk 0:00:09]} Qf5
{[%clk 0:00:21]} 31. Qe3 {[%clk 0:00:09]} c5 {[%clk 0:00:18]} 32. Rh4
{[%clk 0:00:08]} Rd8 {[%clk 0:00:18]} 33. Nd5 {[%clk 0:00:08]} Qe6
{[%clk 0:00:05]} 34. Qc3 {[%clk 0:00:08]} f6 {[%clk 0:00:03]} 35. Qxc2
{[%clk 0:00:07]} fxg5 {[%clk 0:00:03]} 36. Re4 {[%clk 0:00:07]} Qd6
{[%clk 0:00:03]} 37. Qe2 {[%clk 0:00:08]} Rf8 {[%clk 0:00:04]} 38. Re8
{[%clk 0:00:07]} 1-0

[Event "Blitz 2018"]
[Site "Saint-Petersburg"]
[Date "2018.12.29"]
[Round "6"]
[Board "27"]
[White "Smirin Ilia (ISR)"]
[Black "Guseinov Gadir (AZE)"]
[Result "1/2-1/2"]
[LiveChessVersion "1.4.8"]
[BlackElo "2708"]
[WhiteElo "2582"]

1. e4 {[%clk 0:03:03]} c5 {[%clk 0:03:04]} 2. Nf3 {[%clk 0:03:04]} Nc6
{[%clk 0:03:05]} 3. Bb5 {[%clk 0:03:04]} d6 {[%clk 0:03:07]} 4. c3
{[%clk 0:03:05]} Bd7 {[%clk 0:03:07]} 5. d4 {[%clk 0:03:05]} Nf6 {[%clk 0:03:03]}
6. d5 {[%clk 0:02:58]} Ne5 {[%clk 0:03:00]} 7. Bxd7+ {[%clk 0:02:49]} Nexd7
{[%clk 0:02:58]} 8. Qe2 {[%clk 0:02:46]} g6 {[%clk 0:02:59]} 9. c4
{[%clk 0:02:44]} Bg7 {[%clk 0:02:59]} 10. Nc3 {[%clk 0:02:45]} O-O
{[%clk 0:03:00]} 11. O-O {[%clk 0:02:46]} a6 {[%clk 0:03:01]} 12. a4
{[%clk 0:02:46]} Qc7 {[%clk 0:02:56]} 13. a5 {[%clk 0:02:40]} Rfe8
{[%clk 0:02:55]} 14. Rd1 {[%clk 0:02:34]} e6 {[%clk 0:02:54]} 15. dxe6
{[%clk 0:02:31]} Rxe6 {[%clk 0:02:55]} 16. Qd3 {[%clk 0:02:19]} Rae8
{[%clk 0:02:52]} 17. Bf4 {[%clk 0:02:13]} Nxe4 {[%clk 0:02:46]} 18. Nxe4
{[%clk 0:02:09]} Rxe4 {[%clk 0:02:47]} 19. Bxd6 {[%clk 0:02:09]} Qc6
{[%clk 0:02:44]} 20. Bg3 {[%clk 0:01:48]} Nf8 {[%clk 0:02:34]} 21. Rab1
{[%clk 0:01:33]} h6 {[%clk 0:02:27]} 22. h3 {[%clk 0:01:32]} Qa4 {[%clk 0:02:18]}
23. Qd5 {[%clk 0:00:57]} Qxa5 {[%clk 0:02:00]} 24. b4 {[%clk 0:00:58]} Qa2
{[%clk 0:01:53]} 25. bxc5 {[%clk 0:00:56]} Qxc4 {[%clk 0:01:54]} 26. Qxb7
{[%clk 0:00:55]} Qxc5 {[%clk 0:01:28]} 27. Qxa6 {[%clk 0:00:56]} Qf5
{[%clk 0:01:17]} 28. Qb5 {[%clk 0:00:51]} Qxb5 {[%clk 0:01:10]} 29. Rxb5
{[%clk 0:00:52]} g5 {[%clk 0:01:11]} 30. Rb7 {[%clk 0:00:46]} f5 {[%clk 0:01:07]}
31. Bb8 {[%clk 0:00:36]} f4 {[%clk 0:00:58]} 32. Ba7 {[%clk 0:00:35]} Ra4
{[%clk 0:00:52]} 33. Bc5 {[%clk 0:00:34]} Ne6 {[%clk 0:00:52]} 34. Re1
{[%clk 0:00:34]} Raa8 {[%clk 0:00:28]} 35. Bb4 {[%clk 0:00:29]} Rac8
{[%clk 0:00:19]} 36. Rb6 {[%clk 0:00:27]} Nf8 {[%clk 0:00:15]} 37. Rxe8
{[%clk 0:00:23]} Rxe8 {[%clk 0:00:16]} 38. Bxf8 {[%clk 0:00:23]} Bxf8
{[%clk 0:00:17]} 39. h4 {[%clk 0:00:23]} gxh4 {[%clk 0:00:12]} 40. Nxh4
{[%clk 0:00:21]} Bc5 {[%clk 0:00:13]} 41. Rxh6 {[%clk 0:00:18]} Re1+
{[%clk 0:00:13]} 42. Kh2 Bxf2 43. Kh3 {[%clk 0:00:12]} Kg7 {[%clk 0:00:08]} 44.
Nf5+ {[%clk 0:00:13]} Kf7 {[%clk 0:00:09]} 45. Kg4 {[%clk 0:00:14]} Bg3
{[%clk 0:00:08]} 46. Nxg3 {[%clk 0:00:13]} fxg3 {[%clk 0:00:08]} 47. Kxg3
{[%clk 0:00:14]} Re4 {[%clk 0:00:09]} 48. Kh2 1/2-1/2

[Event "Blitz 2018"]
[Site "Saint-Petersburg"]
[Date "2018.12.29"]
[Round "6"]
[Board "29"]
[White "Inarkiev Ernesto (RUS)"]
[Black "Khanin Semen (RUS)"]
[Result "1-0"]
[LiveChessVersion "1.4.8"]
[BlackElo "2564"]
[WhiteElo "2674"]

1. c4 {[%clk 0:03:03]} Nf6 {[%clk 0:03:03]} 2. Nc3 {[%clk 0:03:04]} e5
{[%clk 0:03:03]} 3. Nf3 {[%clk 0:03:04]} Nc6 {[%clk 0:03:04]} 4. e3
{[%clk 0:03:05]} g6 {[%clk 0:03:05]} 5. d4 {[%clk 0:03:02]} d6 {[%clk 0:03:04]}
6. b3 {[%clk 0:02:47]} Bg7 {[%clk 0:03:04]} 7. dxe5 {[%clk 0:02:48]} Nxe5
{[%clk 0:02:56]} 8. Nxe5 {[%clk 0:02:49]} dxe5 {[%clk 0:02:57]} 9. Qxd8+
{[%clk 0:02:50]} Kxd8 {[%clk 0:02:57]} 10. Ba3 {[%clk 0:02:50]} a6
{[%clk 0:02:36]} 11. O-O-O+ {[%clk 0:02:47]} Ke8 {[%clk 0:02:36]} 12. h3
{[%clk 0:02:23]} Bf8 {[%clk 0:02:37]} 13. Bxf8 {[%clk 0:02:22]} Rxf8
{[%clk 0:02:36]} 14. g4 {[%clk 0:02:23]} Be6 {[%clk 0:01:47]} 15. Bg2
{[%clk 0:02:19]} c6 {[%clk 0:01:47]} 16. f4 {[%clk 0:02:20]} Ke7 {[%clk 0:01:39]}
17. fxe5 {[%clk 0:01:27]} Nd7 {[%clk 0:01:40]} 18. Nd5+ {[%clk 0:01:28]} Bxd5
{[%clk 0:01:03]} 19. cxd5 {[%clk 0:01:29]} Nxe5 {[%clk 0:01:03]} 20. dxc6
{[%clk 0:01:22]} Nxc6 {[%clk 0:01:04]} 21. Bxc6 {[%clk 0:01:21]} bxc6
{[%clk 0:01:04]} 22. Rd4 {[%clk 0:01:18]} Rfd8 {[%clk 0:00:34]} 23. Rhd1
{[%clk 0:01:19]} Rxd4 {[%clk 0:00:28]} 24. Rxd4 {[%clk 0:01:20]} Rd8
{[%clk 0:00:20]} 25. Re4+ {[%clk 0:01:08]} Kf6 {[%clk 0:00:16]} 26. Kc2
{[%clk 0:01:05]} Kg5 {[%clk 0:00:14]} 27. Ra4 {[%clk 0:00:57]} Kh4
{[%clk 0:00:14]} 28. Rxa6 {[%clk 0:00:57]} Kxh3 {[%clk 0:00:12]} 29. g5
{[%clk 0:00:45]} Kg4 {[%clk 0:00:12]} 30. Ra5 {[%clk 0:00:43]} Kf3
{[%clk 0:00:06]} 31. Re5 {[%clk 0:00:42]} Kg4 {[%clk 0:00:05]} 32. a4
{[%clk 0:00:43]} Ra8 {[%clk 0:00:00]} 1-0

[Event "Blitz 2018"]
[Site "Saint-Petersburg"]
[Date "2018.12.29"]
[Round "6"]
[Board "30"]
[White "Esipenko Andrey (RUS)"]
[Black "Grachev Boris (RUS)"]
[Result "1/2-1/2"]
[LiveChessVersion "1.4.8"]
[BlackElo "2571"]
[WhiteElo "2673"]

1. d4 {[%clk 0:03:03]} d5 {[%clk 0:03:03]} 2. Nf3 {[%clk 0:03:04]} Nf6
{[%clk 0:02:55]} 3. Bf4 {[%clk 0:03:04]} e6 {[%clk 0:02:47]} 4. e3
{[%clk 0:03:04]} Bd6 {[%clk 0:02:47]} 5. Bg3 {[%clk 0:03:05]} b6 {[%clk 0:02:42]}
6. c3 {[%clk 0:03:05]} O-O {[%clk 0:02:41]} 7. Nbd2 {[%clk 0:03:07]} Ba6
{[%clk 0:02:39]} 8. Bxa6 {[%clk 0:03:05]} Nxa6 {[%clk 0:02:40]} 9. Qe2
{[%clk 0:03:05]} Nb8 {[%clk 0:02:40]} 10. a4 {[%clk 0:02:53]} a5 {[%clk 0:02:37]}
11. e4 {[%clk 0:02:46]} Be7 {[%clk 0:02:37]} 12. O-O {[%clk 0:02:36]} Nbd7
{[%clk 0:02:30]} 13. Rad1 {[%clk 0:02:34]} Nh5 {[%clk 0:02:09]} 14. Rfe1
{[%clk 0:02:28]} Nxg3 {[%clk 0:02:05]} 15. hxg3 {[%clk 0:02:29]} Bd6
{[%clk 0:02:04]} 16. exd5 {[%clk 0:02:07]} exd5 {[%clk 0:02:04]} 17. Qb5
{[%clk 0:02:08]} Nf6 {[%clk 0:02:03]} 18. Nf1 {[%clk 0:02:08]} Qd7
{[%clk 0:01:51]} 19. Qxd7 {[%clk 0:02:08]} Nxd7 {[%clk 0:01:52]} 20. Ne3
{[%clk 0:02:09]} Nf6 {[%clk 0:01:48]} 21. Nf5 {[%clk 0:02:10]} Rfe8
{[%clk 0:01:37]} 22. Nxd6 {[%clk 0:01:58]} cxd6 {[%clk 0:01:38]} 23. Rxe8+
{[%clk 0:01:59]} Rxe8 {[%clk 0:01:39]} 24. Kf1 {[%clk 0:02:00]} Kf8
{[%clk 0:01:33]} 25. Ne1 {[%clk 0:01:21]} Ng4 {[%clk 0:01:19]} 26. Nd3
{[%clk 0:01:12]} Nh2+ {[%clk 0:01:19]} 27. Kg1 {[%clk 0:01:12]} Ng4
{[%clk 0:01:21]} 28. Nf4 {[%clk 0:01:01]} Nf6 {[%clk 0:01:18]} 29. f3
{[%clk 0:01:01]} g5 {[%clk 0:01:12]} 30. Nd3 {[%clk 0:01:00]} Re2
{[%clk 0:01:02]} 31. g4 {[%clk 0:00:34]} h5 {[%clk 0:00:58]} 32. gxh5
{[%clk 0:00:34]} Nxh5 {[%clk 0:00:58]} 33. Kh2 {[%clk 0:00:19]} Nf4
{[%clk 0:00:55]} 34. Nxf4 {[%clk 0:00:17]} gxf4 {[%clk 0:00:57]} 35. Rb1
{[%clk 0:00:11]} Rc2 {[%clk 0:00:52]} 36. b4 {[%clk 0:00:12]} Ke7
{[%clk 0:00:37]} 37. bxa5 {[%clk 0:00:11]} bxa5 {[%clk 0:00:38]} 38. Rb5
{[%clk 0:00:12]} Ke6 {[%clk 0:00:39]} 39. Rxa5 {[%clk 0:00:12]} Rxc3
{[%clk 0:00:40]} 40. Ra8 {[%clk 0:00:12]} Rc4 {[%clk 0:00:40]} 41. a5
{[%clk 0:00:10]} Rxd4 {[%clk 0:00:40]} 42. Kh3 {[%clk 0:00:06]} Kf5
{[%clk 0:00:35]} 43. Rd8 {[%clk 0:00:05]} Ra4 {[%clk 0:00:27]} 44. Rxd6
{[%clk 0:00:05]} Rxa5 {[%clk 0:00:28]} 45. Rd8 {[%clk 0:00:05]} f6
{[%clk 0:00:26]} 46. Re8 {[%clk 0:00:04]} Ra1 {[%clk 0:00:26]} 47. g4+
{[%clk 0:00:05]} Kg6 {[%clk 0:00:20]} 48. Rd8 {[%clk 0:00:05]} Rd1
{[%clk 0:00:20]} 49. Rd7 {[%clk 0:00:07]} Rd2 {[%clk 0:00:19]} 50. Rd6
{[%clk 0:00:04]} d4 {[%clk 0:00:16]} 51. Rd7 {[%clk 0:00:05]} Rd1
{[%clk 0:00:16]} 52. Kg2 {[%clk 0:00:06]} d3 {[%clk 0:00:16]} 53. Kh2
{[%clk 0:00:05]} Rd2+ {[%clk 0:00:11]} 54. Kh3 {[%clk 0:00:07]} Kh6
{[%clk 0:00:08]} 55. Rd6 {[%clk 0:00:05]} Kg7 {[%clk 0:00:09]} 56. Rd7+
{[%clk 0:00:06]} Kg6 {[%clk 0:00:09]} 57. Rd4 {[%clk 0:00:05]} Rd1
{[%clk 0:00:06]} 58. Kg2 {[%clk 0:00:06]} d2 {[%clk 0:00:05]} 59. Rd7
{[%clk 0:00:07]} Kh6 {[%clk 0:00:05]} 60. Rd6 {[%clk 0:00:05]} Kg7
{[%clk 0:00:06]} 61. Rd7+ {[%clk 0:00:06]} Kf8 {[%clk 0:00:07]} 62. Rd4
{[%clk 0:00:05]} Ke7 {[%clk 0:00:07]} 63. Rd3 {[%clk 0:00:06]} Ke6
{[%clk 0:00:08]} 64. Rd8 {[%clk 0:00:07]} Ke7 {[%clk 0:00:05]} 65. Rd4
{[%clk 0:00:08]} Ke6 {[%clk 0:00:06]} 66. Rd8 {[%clk 0:00:09]} f5
{[%clk 0:00:06]} 67. g5 {[%clk 0:00:08]} Kf7 {[%clk 0:00:04]} 68. Rd6
{[%clk 0:00:09]} Kg7 {[%clk 0:00:06]} 69. Kh2 {[%clk 0:00:10]} Rf1
{[%clk 0:00:06]} 70. Rxd2 {[%clk 0:00:11]} Rxf3 {[%clk 0:00:04]} 71. Rd6
{[%clk 0:00:10]} Rg3 {[%clk 0:00:05]} 72. Rd4 {[%clk 0:00:05]} Rg4
{[%clk 0:00:06]} 73. Kh3 {[%clk 0:00:04]} Kg6 {[%clk 0:00:06]} 74. Rd8
{[%clk 0:00:04]} f3 {[%clk 0:00:06]} 75. Rd3 {[%clk 0:00:05]} Rf4
{[%clk 0:00:05]} 76. Rd1 {[%clk 0:00:05]} f2 {[%clk 0:00:06]} 77. Rf1
{[%clk 0:00:07]} Kxg5 78. Kg3 Rg4+ {[%clk 0:00:07]} 79. Kf3 {[%clk 0:00:09]} Ra4
{[%clk 0:00:07]} 80. Kg3 {[%clk 0:00:04]} Rg4+ {[%clk 0:00:07]} 81. Kf3
{[%clk 0:00:05]} Re4 {[%clk 0:00:05]} 82. Kg3 {[%clk 0:00:06]} Re2
{[%clk 0:00:05]} 83. Kf3 {[%clk 0:00:07]} Ra2 {[%clk 0:00:06]} 84. Kg3
{[%clk 0:00:08]} Ra4 {[%clk 0:00:04]} 85. Kf3 {[%clk 0:00:09]} Rb4
{[%clk 0:00:04]} 86. Kg3 {[%clk 0:00:09]} Rg4+ {[%clk 0:00:05]} 87. Kf3
{[%clk 0:00:10]} Rh4 {[%clk 0:00:05]} 88. Kg3 {[%clk 0:00:10]} Rd4
{[%clk 0:00:05]} 89. Rxf2 {[%clk 0:00:10]} Rg4+ {[%clk 0:00:06]} 90. Kh3
{[%clk 0:00:11]} Rh4+ {[%clk 0:00:06]} 91. Kg3 {[%clk 0:00:12]} Rg4+
{[%clk 0:00:08]} 92. Kh3 {[%clk 0:00:14]} Rh4+ {[%clk 0:00:04]} 93. Kg3
{[%clk 0:00:15]} Rg4+ {[%clk 0:00:06]} 94. Kh3 {[%clk 0:00:16]} Rf4
{[%clk 0:00:06]} 95. Rg2+ {[%clk 0:00:17]} Kf6 {[%clk 0:00:07]} 96. Re2
{[%clk 0:00:17]} Rg4 {[%clk 0:00:08]} 97. Re8 {[%clk 0:00:17]} Rg7
{[%clk 0:00:08]} 98. Re1 {[%clk 0:00:16]} f4 {[%clk 0:00:08]} 99. Kh2
{[%clk 0:00:15]} Kf5 {[%clk 0:00:09]} 100. Rg1 {[%clk 0:00:17]} Ra7
{[%clk 0:00:06]} 101. Kg2 {[%clk 0:00:17]} Rg7+ {[%clk 0:00:04]} 102. Kf2
{[%clk 0:00:18]} Ra7 {[%clk 0:00:03]} 103. Re1 {[%clk 0:00:17]} Ra2+
{[%clk 0:00:04]} 104. Re2 {[%clk 0:00:16]} Ra3 {[%clk 0:00:05]} 105. Re8
{[%clk 0:00:16]} Ke5 1/2-1/2

[Event "Blitz 2018"]
[Site "Saint-Petersburg"]
[Date "2018.12.29"]
[Round "6"]
[Board "31"]
[White "Amin Bassem (EGY)"]
[Black "Kazhgaleyev Murtas (KAZ)"]
[Result "0-1"]
[LiveChessVersion "1.4.8"]
[BlackElo "2553"]
[WhiteElo "2659"]

1. Nf3 {[%clk 0:03:01]} d6 {[%clk 0:03:03]} 2. e4 {[%clk 0:03:02]} e5
{[%clk 0:03:04]} 3. d4 {[%clk 0:03:03]} exd4 {[%clk 0:03:05]} 4. Nxd4
{[%clk 0:03:04]} Nf6 {[%clk 0:03:06]} 5. Nc3 {[%clk 0:03:06]} Be7
{[%clk 0:03:07]} 6. g3 {[%clk 0:03:07]} O-O {[%clk 0:03:05]} 7. Bg2
{[%clk 0:03:07]} Re8 {[%clk 0:03:06]} 8. O-O {[%clk 0:03:07]} Bf8
{[%clk 0:03:07]} 9. h3 {[%clk 0:03:07]} Nc6 {[%clk 0:03:04]} 10. Re1
{[%clk 0:03:01]} Bd7 {[%clk 0:03:04]} 11. Be3 {[%clk 0:02:46]} Ne5
{[%clk 0:03:02]} 12. b3 {[%clk 0:02:44]} h6 {[%clk 0:03:02]} 13. Qd2
{[%clk 0:02:37]} c6 {[%clk 0:02:54]} 14. a4 {[%clk 0:02:33]} Qc7 {[%clk 0:02:55]}
15. Rad1 {[%clk 0:02:31]} Rad8 {[%clk 0:02:55]} 16. f4 {[%clk 0:02:28]} Ng6
{[%clk 0:02:56]} 17. Qf2 {[%clk 0:02:11]} Bc8 {[%clk 0:02:54]} 18. Nde2
{[%clk 0:01:35]} b6 {[%clk 0:02:54]} 19. a5 {[%clk 0:01:36]} bxa5
{[%clk 0:02:50]} 20. Bd4 {[%clk 0:01:14]} Nd7 {[%clk 0:02:45]} 21. g4
{[%clk 0:01:09]} Bb7 {[%clk 0:02:42]} 22. Ng3 {[%clk 0:01:05]} c5
{[%clk 0:02:27]} 23. Be3 {[%clk 0:01:04]} Nf6 {[%clk 0:02:24]} 24. Bc1
{[%clk 0:00:57]} Bc6 {[%clk 0:02:24]} 25. Bb2 {[%clk 0:00:35]} Qb7
{[%clk 0:02:26]} 26. Nd5 {[%clk 0:00:25]} Nxd5 {[%clk 0:02:23]} 27. exd5
{[%clk 0:00:26]} Bd7 {[%clk 0:02:22]} 28. Be4 {[%clk 0:00:21]} a4
{[%clk 0:02:15]} 29. f5 {[%clk 0:00:12]} Ne5 {[%clk 0:02:13]} 30. f6
{[%clk 0:00:12]} g6 {[%clk 0:02:00]} 31. Re3 {[%clk 0:00:08]} Bxg4
{[%clk 0:01:37]} 32. hxg4 {[%clk 0:00:09]} Nxg4 {[%clk 0:01:38]} 33. Qf3
{[%clk 0:00:10]} Nxe3 {[%clk 0:01:39]} 34. Qxe3 {[%clk 0:00:10]} axb3
{[%clk 0:01:38]} 35. cxb3 {[%clk 0:00:11]} c4 {[%clk 0:01:36]} 36. Kg2
{[%clk 0:00:08]} Qxb3 {[%clk 0:01:36]} 37. Qxb3 {[%clk 0:00:06]} cxb3
{[%clk 0:01:37]} 38. Ra1 {[%clk 0:00:08]} Rc8 {[%clk 0:01:30]} 39. Kf3
{[%clk 0:00:07]} Rc7 {[%clk 0:01:27]} 40. Ra3 {[%clk 0:00:04]} Rb8
{[%clk 0:01:28]} 41. Ne2 {[%clk 0:00:05]} h5 {[%clk 0:01:27]} 42. Nd4
{[%clk 0:00:06]} Rc4 {[%clk 0:01:11]} 43. Bd3 {[%clk 0:00:04]} Rc5
{[%clk 0:01:09]} 44. Nc6 {[%clk 0:00:04]} Rb7 {[%clk 0:01:06]} 45. Be4
{[%clk 0:00:03]} Bh6 {[%clk 0:01:04]} 46. Ra6 {[%clk 0:00:03]} Bc1
{[%clk 0:01:04]} 47. Bd4 {[%clk 0:00:04]} Rc4 {[%clk 0:00:51]} 48. Bd3
{[%clk 0:00:05]} Rc2 {[%clk 0:00:51]} 49. Bxc2 {[%clk 0:00:04]} bxc2
{[%clk 0:00:52]} 50. Ra2 {[%clk 0:00:05]} Bb2 {[%clk 0:00:49]} 51. Rxb2
{[%clk 0:00:06]} c1=Q {[%clk 0:00:46]} 52. Rxb7 {[%clk 0:00:07]} g5
{[%clk 0:00:37]} 53. Rxa7 {[%clk 0:00:06]} Qf4+ {[%clk 0:00:36]} 54. Ke2
{[%clk 0:00:08]} Qe4+ {[%clk 0:00:37]} 55. Kd2 {[%clk 0:00:09]} h4
{[%clk 0:00:36]} 56. Kc3 {[%clk 0:00:04]} h3 {[%clk 0:00:35]} 57. Ra8+
{[%clk 0:00:04]} Kh7 {[%clk 0:00:36]} 58. Rf8 {[%clk 0:00:05]} Kg6
{[%clk 0:00:23]} 59. Ne7+ {[%clk 0:00:06]} Kh5 {[%clk 0:00:24]} 60. Rxf7
{[%clk 0:00:05]} h2 {[%clk 0:00:25]} 61. Rf8 {[%clk 0:00:06]} h1=Q
{[%clk 0:00:24]} 62. Rh8+ {[%clk 0:00:07]} Kg4 {[%clk 0:00:25]} 63. Rxh1
{[%clk 0:00:08]} Qxh1 {[%clk 0:00:26]} 64. Kc4 {[%clk 0:00:05]} Qf1+
{[%clk 0:00:27]} 65. Kb4 {[%clk 0:00:05]} Kh5 {[%clk 0:00:26]} 66. Ka5
{[%clk 0:00:04]} Qf4 {[%clk 0:00:23]} 0-1

[Event "Blitz 2018"]
[Site "Saint-Petersburg"]
[Date "2018.12.29"]
[Round "6"]
[Board "32"]
[White "Amonatov Farrukh (TJK)"]
[Black "Demidov Mikhail (RUS)"]
[Result "1/2-1/2"]
[LiveChessVersion "1.4.8"]
[BlackElo "2546"]
[WhiteElo "2656"]

1. e4 {[%clk 0:03:03]} e6 {[%clk 0:03:04]} 2. d4 {[%clk 0:03:04]} d5
{[%clk 0:03:06]} 3. Nc3 {[%clk 0:03:04]} Be7 {[%clk 0:03:07]} 4. Nf3
{[%clk 0:03:05]} Nf6 {[%clk 0:03:08]} 5. Bd3 {[%clk 0:03:06]} c5 {[%clk 0:03:09]}
6. exd5 {[%clk 0:03:04]} exd5 {[%clk 0:03:11]} 7. dxc5 {[%clk 0:03:03]} O-O
{[%clk 0:03:11]} 8. O-O {[%clk 0:03:03]} Bxc5 {[%clk 0:03:07]} 9. Bg5
{[%clk 0:03:04]} Be6 {[%clk 0:03:05]} 10. Ne2 {[%clk 0:02:51]} h6
{[%clk 0:03:01]} 11. Bh4 {[%clk 0:02:52]} Nc6 {[%clk 0:02:43]} 12. Nf4
{[%clk 0:02:41]} Bg4 {[%clk 0:02:32]} 13. Bxf6 {[%clk 0:01:47]} Qxf6
{[%clk 0:02:32]} 14. Nxd5 {[%clk 0:01:48]} Qxb2 {[%clk 0:02:30]} 15. Rb1
{[%clk 0:01:28]} Qxa2 16. Rxb7 {[%clk 0:01:28]} Nd4 {[%clk 0:02:16]} 17. Be4
{[%clk 0:01:01]} Rad8 {[%clk 0:01:37]} 18. Qa1 {[%clk 0:00:36]} Qxa1
{[%clk 0:01:21]} 19. Rxa1 {[%clk 0:00:36]} Rfe8 {[%clk 0:00:53]} 20. Nc3
{[%clk 0:00:36]} Nxf3+ {[%clk 0:00:29]} 21. gxf3 {[%clk 0:00:31]} Bc8
{[%clk 0:00:27]} 22. Rb5 {[%clk 0:00:18]} Bd4 {[%clk 0:00:27]} 23. Ra3
{[%clk 0:00:17]} Bh3 {[%clk 0:00:16]} 24. Rb1 {[%clk 0:00:19]} Bc5
{[%clk 0:00:14]} 25. Ra5 {[%clk 0:00:18]} Bb6 {[%clk 0:00:12]} 26. Rh5
{[%clk 0:00:19]} Be6 {[%clk 0:00:13]} 27. Nd5 {[%clk 0:00:20]} Bxd5
{[%clk 0:00:10]} 28. Rxd5 {[%clk 0:00:18]} Rxd5 {[%clk 0:00:10]} 29. Bxd5
{[%clk 0:00:19]} Re2 {[%clk 0:00:12]} 30. c4 {[%clk 0:00:17]} Rc2
{[%clk 0:00:08]} 31. Kh1 {[%clk 0:00:12]} Kf8 {[%clk 0:00:07]} 32. Re1
{[%clk 0:00:11]} Rxf2 {[%clk 0:00:05]} 33. Bc6 {[%clk 0:00:11]} g6
{[%clk 0:00:06]} 34. Re8+ {[%clk 0:00:11]} Kg7 {[%clk 0:00:07]} 35. Bd5
{[%clk 0:00:12]} Kf6 {[%clk 0:00:06]} 36. Rf8 {[%clk 0:00:12]} Ke5
{[%clk 0:00:07]} 37. Rxf7 Kd4 {[%clk 0:00:06]} 38. Rf6 {[%clk 0:00:04]} h5
{[%clk 0:00:07]} 39. Rxg6 Ke3 40. h4 {[%clk 0:00:04]} Kf4 {[%clk 0:00:08]} 41.
Rf6+ {[%clk 0:00:05]} Kg3 {[%clk 0:00:09]} 42. Rg6+ {[%clk 0:00:06]} Kxh4
{[%clk 0:00:10]} 43. Be4 {[%clk 0:00:06]} Rf1+ {[%clk 0:00:12]} 44. Kh2 Rf2+
{[%clk 0:00:12]} 45. Rg2 {[%clk 0:00:08]} Bc7+ 46. Kg1 Rxg2+ {[%clk 0:00:13]} 47.
Kxg2 {[%clk 0:00:11]} Kg5 {[%clk 0:00:13]} 48. c5 {[%clk 0:00:11]} h4
{[%clk 0:00:13]} 49. c6 {[%clk 0:00:12]} a5 {[%clk 0:00:14]} 50. Bc2
{[%clk 0:00:13]} Kf4 {[%clk 0:00:14]} 51. Bd1 {[%clk 0:00:14]} Ke3
{[%clk 0:00:14]} 52. Kh3 {[%clk 0:00:15]} Bd8 {[%clk 0:00:14]} 53. Kg4
{[%clk 0:00:15]} Kd2 {[%clk 0:00:14]} 54. Ba4 {[%clk 0:00:16]} Kc3
{[%clk 0:00:13]} 55. f4 {[%clk 0:00:17]} Kb4 {[%clk 0:00:14]} 56. Bd1
{[%clk 0:00:18]} Kb5 {[%clk 0:00:14]} 57. f5 {[%clk 0:00:16]} Kxc6
{[%clk 0:00:14]} 58. f6 {[%clk 0:00:17]} Bxf6 {[%clk 0:00:15]} 59. Kh3
{[%clk 0:00:18]} 1/2-1/2